Language Quiz

Random Language Quiz
Score 0/10 Timer 03:00
0 Plays Today
Hint Answer % Correct
I learntJ'ai appris
100%
We drankNous avons bu
100%
You (s.) have written Tu as ecrit
75%
She has read Elle a lu
75%
You (pl.) have takenVous avez pris
75%
They (m.) did/madeIls ont fait
75%
They (f.) have been able toElles ont pu
75%
You (pl.) recievedVous avez recu
75%
He gave (presents)Il a offert
25%
She has said Elle a du
25%
Remove Ads.
Support Sporcle.
Get the best of Sporcle when you Go Orange. This ad-free experience offers more features, more stats, and more fun while also helping to support Sporcle. Thank you for becoming a member.

You're not logged in!

Compare scores with friends on all Sporcle quizzes.
OR
Log In

Show Comments

Extras

Created Oct 25, 2013ReportNominate
Tags:participle, past, unit, Unit 5

Top Quizzes Today


Score Distribution

Your Account Isn't Verified!

In order to create a playlist on Sporcle, you need to verify the email address you used during registration. Go to your Sporcle Settings to finish the process.

Report this User

Report this user for behavior that violates our Community Guidelines.

Details: